[Event "Karposh Open 2012"]
[Site "Skopje MKD"]
[Date "2012.04.08"]
[Round "2.4"]
[White "Mastrovasilis,D"]
[Black "Nestorovic,L"]
[Result "1/2-1/2"]
[WhiteElo "2631"]
[BlackElo "2374"]

1.e4 c5 2.Nf3 d6 3.Bb5+ Bd7 4.Bxd7+ Qxd7 5.O-O Nf6 6.Qe2 e6 7.c3 Nc6 8.d4 cxd4
9.cxd4 d5 10.e5 Ne4 11.Be3 Be7 12.Ne1 f6 13.f3 Ng5 14.Nd3 Nf7 15.f4 f5 16.Nd2 O-O
17.Nf3 b6 18.Bd2 Qb7 19.b4 a6 20.Rfc1 Rfc8 21.a4 Na7 22.Qd1 Rxc1 23.Rxc1 Rc8
24.Rc2 Rxc2 25.Qxc2 Qc6 26.Qxc6 Nxc6 27.Kf2 Nfd8 28.h3 Kf8 29.Ke3 Ke8 30.Be1 Nb8
31.Bh4 Bxh4 32.Nxh4 Kf7 33.Nf3 h6 34.Nd2 Ke7 35.Nb3 Nb7 36.Kd2 Nc6 37.Kc3 Nb8
38.Kb2 Nc6 39.Ka3 Kf7 40.b5 axb5 41.axb5 Na7 42.Kb4 Ke7 43.Nb2 Nc8 44.Nc5 Nd8
45.Na6 Kd7 46.Na4 Nb7 47.g3 Nd8 48.Nc3 Ne7 49.Na4 Nc8 50.Nc3 Ne7 51.Nd1 Nc8
52.Ne3 Ne7 53.Kc3 Nc8 54.Kb3 Ne7 55.Nb8+ Kc7 56.Na6+ Kd7 57.Nb4 Nb7 58.Nd3 Nd8
59.Kc3 Nb7 60.g4 g6 61.Ne1 Nd8 62.Nf3 Nf7 63.Kd3 Nc8 64.Nh4 Nh8 65.gxf5 gxf5
66.Nd1 Ne7 67.Ke3 Nhg6 68.Nxg6 Nxg6 69.Kf3 Nh4+ 70.Kg3 Ng6 71.Nc3 Kd8 72.Na4 Kc7
73.Nc3 Kd8 74.Ne2 Kd7 75.Ng1 Ke7 76.h4 Nf8 77.h5 Kf7 78.Kf3 Ke7 79.Ke3 Kd7
80.Nf3 Ke7 81.Ne1 Nd7 82.Kd3 Nb8 83.Kc3 Nd7 84.Kb3 Nb8 85.Ka4 Nd7 86.Nd3 Nb8
87.Nb4 Kd7 88.Na6 Kc8 89.Nxb8  1/2-1/2

[Event "Karposh Open 2012"]
[Site "Skopje MKD"]
[Date "2012.04.09"]
[Round "4.18"]
[White "Nevednichy,V"]
[Black "Dastan,B"]
[Result "1-0"]
[WhiteElo "2562"]
[BlackElo "2239"]

1.e4 c5 2.Nf3 d6 3.Bb5+ Nd7 4.d4 Nf6 5.O-O a6 6.Bxd7+ Nxd7 7.Nc3 e6 8.Bg5 Qc7
9.d5 e5 10.a4 h6 11.Bh4 Rb8 12.Nd2 g5 13.Bg3 Be7 14.Nc4 h5 15.h3 h4 16.Bh2 Nf6  1-0

[Event "Karposh Open 2012"]
[Site "Skopje MKD"]
[Date "2012.04.10"]
[Round "5.10"]
[White "Sedlak,N"]
[Black "Smith,Bry"]
[Result "1-0"]
[WhiteElo "2593"]
[BlackElo "2450"]

1.e4 c5 2.Nf3 d6 3.Bb5+ Nd7 4.O-O a6 5.Bxd7+ Bxd7 6.d4 cxd4 7.Qxd4 Rc8 8.Nc3 e5
9.Qd3 h6 10.a4 Nf6 11.Be3 Be7 12.Nd2 Qc7 13.a5 O-O 14.Rfc1 Be6 15.Nd5 Nxd5
16.exd5 Bg4 17.c4 f5 18.f3 Bh5 19.c5 dxc5 20.b4 Qd7 21.bxc5 Bf6 22.Rab1 Rcd8
23.d6 Rf7 24.Qd5 Kh7 25.Rb4 Bg6 26.Rcb1 Rb8 27.Bf2 Qc8 28.Nc4 f4 29.Re1 e4
30.Rxe4 Bxe4 31.fxe4 Qg4 32.Qd3 Bh4 33.e5+ Kh8 34.Qf3 Bxf2+ 35.Kxf2 Qc8 36.c6 bxc6
37.Qh3 Qd8 38.Rxb8 Qxb8 39.Nb6 Qf8 40.Qc8 Kg8 41.e6  1-0

[Event "Karposh Open 2012"]
[Site "Skopje MKD"]
[Date "2012.04.11"]
[Round "6.22"]
[White "Smith,Bry"]
[Black "Emiroglu,C"]
[Result "0-1"]
[WhiteElo "2450"]
[BlackElo "2214"]

1.e4 c5 2.Nf3 d6 3.Bb5+ Bd7 4.Bxd7+ Qxd7 5.O-O Nf6 6.c3 Nc6 7.d4 Nxe4 8.d5 Nb8
9.Re1 Nf6 10.Bg5 Na6 11.Na3 h6 12.Bxf6 gxf6 13.Nc4 O-O-O 14.b4 cxb4 15.cxb4 e5
16.Ne3 Kb8  0-1

[Event "18th Metropolitan IM"]
[Site "Los Angeles USA"]
[Date "2012.04.12"]
[Round "2"]
[White "Akopyan,H"]
[Black "Visweswaran,K"]
[Result "0-1"]
[WhiteElo "2243"]
[BlackElo "2281"]

1.e4 c5 2.Nf3 d6 3.Bb5+ Nd7 4.d4 Nf6 5.Nc3 a6 6.Bxd7+ Nxd7 7.a4 cxd4 8.Qxd4 e6
9.O-O Qb6 10.Qd3 Ne5 11.Nxe5 dxe5 12.Kh1 f6 13.f4 exf4 14.Bxf4 Bb4 15.Qg3 Kf7
16.e5 f5 17.Ne4 Bd7 18.Rad1 Bxa4 19.b3 Be8 20.c4 h6 21.Be3 Qc6 22.Qh4 Kg6
23.Nd6 Qc7 24.c5 a5 25.Qc4 Qe7 26.g4 Bc6+ 27.Kg1 Kh7 28.gxf5 exf5 29.Rxf5 Rhf8
30.Qd3 Kg8 31.Rdf1 Rxf5 32.Rxf5 Qh4 33.Bf2 Qg4+ 34.Kf1 Bg2+ 35.Kg1 Be4+ 36.Qg3 Qd1+  0-1

[Event "18th Metropolitan IM"]
[Site "Los Angeles USA"]
[Date "2012.04.12"]
[Round "2"]
[White "Manukian,G"]
[Black "Yankovsky,R"]
[Result "0-1"]
[WhiteElo "2279"]
[BlackElo "2438"]

1.e4 c5 2.Nf3 d6 3.Bb5+ Nd7 4.d4 Nf6 5.Nc3 a6 6.Be2 cxd4 7.Qxd4 e6 8.O-O Qc7
9.Bg5 Be7 10.Rfd1 O-O 11.Bh4 Rd8 12.Rd2 b5 13.a4 e5 14.Qb4 Nb6 15.Bxf6 gxf6
16.a5 Na4 17.Nd5 Qa7 18.c4 Nc5 19.cxb5 axb5 20.Nh4 Kh8 21.Ra3 Rg8 22.Nb6 Bb7
23.Bf3 Bxe4 24.Bxe4 Rg4 25.g3 Rag8 26.f3 Rxh4 27.Qxb5 Nxe4 28.fxe4 Rxe4 29.Qd5 Reg4
30.Kg2 f5 31.Qxf7 f4 32.b4 e4 33.Rxd6 f3+ 34.Kf2 Qc7 35.Nc4 R4g7 36.Qd5 Bxd6
37.Qxe4 Rg4  0-1

[Event "Schachbundesliga 2011-12"]
[Site "Baden Baden GER"]
[Date "2012.04.14"]
[Round "14"]
[White "Tiviakov,S"]
[Black "Anand,V"]
[Result "1-0"]
[WhiteElo "2647"]
[BlackElo "2817"]

1.e4 c5 2.Nf3 d6 3.Bb5+ Nd7 4.d4 cxd4 5.Qxd4 a6 6.Bxd7+ Bxd7 7.c4 e5 8.Qd3 h6
9.Nc3 Nf6 10.O-O Be7 11.a4 b6 12.b3 Ra7 13.Rd1 Bc8 14.Ba3 Rd7 15.Nd2 O-O
16.Nf1 Bb7 17.Ne3 Re8 18.Ncd5 Nxd5 19.Nxd5 Bxd5 20.Qxd5 Qa8 21.Qxa8 Rxa8
22.Rd5 f6 23.Rad1 Rad8 24.g3 g5 25.f4 gxf4 26.gxf4 Kf7 27.Kf2 exf4 28.Kf3 Ke6
29.Bc1 Rc8 30.Bxf4 Bf8 31.h4 Rc6 32.h5 Rb7 33.Be3 Rb8 34.Bd4 Rc7 35.Rg1 Bg7
36.Rg6 Rf7 37.Be3 Rd7 38.Rf5 Rf7 39.Kg4 Bf8 40.Bxh6 Bxh6 41.Rxh6 Rg7+ 42.Kf4 Rf8
43.a5 Rg1 44.axb6 Rb1 45.b7 Rxb3 46.e5 dxe5+ 47.Rxe5+ Kd6 48.Rf5 Ke6 49.Rh7 Rd8
50.Rd5  1-0

[Event "Brunei GM Inv 2012"]
[Site "Bandar Seri Begawan BRU"]
[Date "2012.04.14"]
[Round "4.5"]
[White "Yap,K"]
[Black "Nguyen Anh Dung"]
[Result "1/2-1/2"]
[WhiteElo "2405"]
[BlackElo "2439"]

1.e4 c5 2.Nf3 d6 3.Bb5+ Nd7 4.d4 cxd4 5.Nxd4 Nf6 6.Nc3 e6 7.O-O Be7 8.Re1 O-O
9.Bg5 h6 10.Bh4 Ne5 11.Bg3 a6 12.Bf1 Ng6 13.Bc4 Bd7 14.Bb3 Rc8 15.Nf3 Bc6
16.Nd4 Bd7 17.Nf3  1/2-1/2

[Event "18th Metropolitan IM"]
[Site "Los Angeles USA"]
[Date "2012.04.14"]
[Round "6"]
[White "Akopyan,H"]
[Black "Yankovsky,R"]
[Result "0-1"]
[WhiteElo "2243"]
[BlackElo "2438"]

1.e4 c5 2.Nf3 d6 3.Bb5+ Nd7 4.c3 Nf6 5.Qe2 Qc7 6.O-O a6 7.Ba4 c4 8.Bc2 Ne5
9.Nd4 Ng6 10.b3 e5 11.Nf5 b5 12.a4 Nf4 13.Qf3 d5 14.exd5 cxb3 15.Be4 Nxe4
16.Qxe4 Bxf5 17.Qxf5 Ne2+ 18.Kh1 Nxc1 19.axb5 Na2 20.d4 axb5 21.dxe5 Bc5
22.Nd2 b2 23.d6 Qc6 24.e6 O-O 25.Rxa2 Rxa2 26.Ne4 Ra1  0-1

[Event "18th Metropolitan IM"]
[Site "Los Angeles USA"]
[Date "2012.04.15"]
[Round "8"]
[White "Manukian,G"]
[Black "Purcell,B"]
[Result "1-0"]
[WhiteElo "2279"]
[BlackElo "2015"]

1.e4 c5 2.Nf3 d6 3.Bb5+ Bd7 4.a4 Nc6 5.d4 cxd4 6.Nxd4 Nf6 7.Nc3 e6 8.O-O Be7
9.Kh1 O-O 10.f4 a6 11.Nxc6 bxc6 12.Bd3 e5 13.Bc4 Be6 14.Bxe6 fxe6 15.fxe5 Ng4
16.Bf4 Nxe5 17.Bxe5 dxe5 18.Qg4 Rxf1+ 19.Rxf1 Qd7 20.Rd1 Rf8 21.Qe2 Qb7 22.b3 Qb4
23.Rd3 Bc5 24.g3 Qa3 25.Nd1 Qc1 26.Kg2 h6 27.Qd2 Qxd2+ 28.Rxd2 Bb6 29.Rd6 Rd8
30.Rxd8+ Bxd8 31.Nb2 Bc7 32.Nd3 Bd6 33.g4 Kf7 34.Ne1 Ke7 35.Kf2 Kd7 36.Ke2 c5
37.Kd3 Kc6 38.Kc4 a5 39.h4 g6 40.h5 g5 41.Nd3 Kb6 42.c3 Kc6 43.b4 cxb4 44.cxb4 axb4
45.Nxb4+ Kb6 46.Nd3 Kc6 47.a5 Bb8 48.Nb4+ Kd6 49.Kb5 Ba7 50.Ka6 Bd4 51.Kb7 Kc5
52.Nc6 Kc4 53.a6 Bf2 54.Nxe5+  1-0

[Event "Schachbundesliga 2011-12"]
[Site "Muelheim GER"]
[Date "2012.04.15"]
[Round "15"]
[White "Saltaev,M"]
[Black "Popovic,Pe"]
[Result "1/2-1/2"]
[WhiteElo "2484"]
[BlackElo "2485"]

1.e4 c5 2.Nf3 d6 3.Bb5+ Bd7 4.Bxd7+ Qxd7 5.c4 Nc6 6.Nc3 g6 7.d4 cxd4 8.Nxd4 Bg7
9.Be3 Nf6 10.h3 O-O 11.O-O e6 12.Rc1 a6 13.a4 Na5 14.b3 Rac8 15.Nde2 Qc7
16.Rb1 Nd7 17.Bd4 Bh6 18.f4 Nc6 19.Be3 Rfe8 20.Rf3 Bg7 21.Bf2 Nb4 22.Qd2  1/2-1/2

[Event "IV ch-IberoAmerican GpC"]
[Site "Quito ECU"]
[Date "2012.04.15"]
[Round "2.3"]
[White "De la Riva Aguado,O"]
[Black "Leitao,R"]
[Result "1/2-1/2"]
[WhiteElo "2545"]
[BlackElo "2623"]

1.e4 c5 2.Nf3 d6 3.Bb5+ Bd7 4.Bxd7+ Qxd7 5.O-O Nf6 6.Re1 Nc6 7.c3 e6 8.d4 cxd4
9.cxd4 d5 10.e5 Ne4 11.Nbd2 Nxd2 12.Bxd2 Be7 13.Rc1 O-O 14.Rc3 Rac8 15.a3 Nb8
16.Rd3 Qc6 17.Bc3 Nd7 18.h4 Nb6 19.Ng5 Na4 20.Qg4 h6 21.Nh3 Kh8 22.Rg3 Rg8
23.Ng5 Qe8 24.Ree3 Nxc3 25.Rxc3 Rxc3 26.Rxc3 Rf8 27.Nh3 Qd8 28.Rg3 Rg8 29.Rf3 Rf8
30.Rg3 Rg8 31.Rf3 Rf8 32.Rg3  1/2-1/2

[Event "TCh-SUI National A 2012"]
[Site "Switzerland SUI"]
[Date "2012.04.15"]
[Round "2.2"]
[White "Sedina,E"]
[Black "Riff,JN"]
[Result "1/2-1/2"]
[WhiteElo "2353"]
[BlackElo "2509"]

1.e4 c5 2.Nf3 d6 3.Bb5+ Nc6 4.O-O Bd7 5.Re1 Nf6 6.h3 Ne5 7.a4 a6 8.Bxd7+ Nfxd7
9.b3 g6 10.Bb2 Bg7 11.Nxe5 Nxe5 12.Bc3 O-O 13.Na3 e6 14.Nc4 Nxc4 15.Bxg7 Kxg7  1/2-1/2

[Event "4th Alexander the Great Open"]
[Site "Neos Marmaras GRE"]
[Date "2012.04.16"]
[Round "1"]
[White "Haria,R"]
[Black "Kanmazalp,O"]
[Result "0-1"]
[WhiteElo "2060"]
[BlackElo "2389"]

1.e4 c5 2.Nf3 d6 3.Bb5+ Nc6 4.Bxc6+ bxc6 5.O-O e5 6.c3 Nf6 7.Re1 Be7 8.d4 cxd4
9.cxd4 exd4 10.Nxd4 Bd7 11.Nc3 O-O 12.Qf3 Re8 13.h3 Qb6 14.Nf5 Bxf5 15.Qxf5 Bf8
16.Re2 Re6 17.Be3 Qb4 18.Rc1 Rae8 19.a3 Qc4 20.Rec2 Qa6 21.Bd4 Nxe4 22.Nxe4 Rxe4
23.Rxc6 Qd3  0-1

[Event "Brunei GM Inv 2012"]
[Site "Bandar Seri Begawan BRU"]
[Date "2012.04.17"]
[Round "9.3"]
[White "Dzhumaev,M"]
[Black "Nguyen Anh Dung"]
[Result "1/2-1/2"]
[WhiteElo "2494"]
[BlackElo "2439"]

1.e4 c5 2.Nf3 d6 3.Bb5+ Bd7 4.Bxd7+ Qxd7 5.O-O Nf6 6.Re1 Nc6 7.d4 cxd4 8.Nxd4 e6
9.c4 Be7 10.Nc3 O-O 11.b3 Rfd8 12.Bb2  1/2-1/2

[Event "FSFMB April 2012"]
[Site "Budapest HUN"]
[Date "2012.04.17"]
[Round "10.2"]
[White "Mayer,I"]
[Black "Lukacs,Albert"]
[Result "1-0"]
[WhiteElo "2063"]
[BlackElo "1735"]

1.e4 c5 2.Nf3 d6 3.Bb5+ Bd7 4.a4 Qa5 5.Bc4 Nc6 6.O-O Nf6 7.Re1 Ng4 8.c3 Nge5
9.Nxe5 Nxe5 10.Bf1 c4 11.d4 cxd3 12.Bxd3 g6 13.Bf1 Bg7 14.Na3 a6 15.Nc2 Be6
16.Nb4 Bc4 17.Bxc4 Nxc4 18.Qb3 Qc5 19.Nd5 Rb8 20.Bg5 f6 21.Bc1 f5 22.Qd1  1-0

[Event "4th Alexander the Great Open"]
[Site "Neos Marmaras GRE"]
[Date "2012.04.17"]
[Round "2"]
[White "Ryabov,Igor"]
[Black "Haria,R"]
[Result "1-0"]
[WhiteElo "2009"]
[BlackElo "2060"]

1.e4 c5 2.Nf3 d6 3.Bb5+ Nd7 4.O-O Nf6 5.Re1 a6 6.Bf1 b5 7.d4 cxd4 8.Nxd4 Bb7
9.f3 g6 10.c4 b4 11.a3 a5 12.Be3 Bg7 13.axb4 axb4 14.Ra4 Nc5 15.Rxb4 O-O
16.Nb3 Ra4 17.Rb5 Qa8 18.Nxc5 dxc5 19.Rxb7 Rd8 20.Qb3  1-0

[Event "Belgrade Cup Final 2012"]
[Site "Belgrade SRB"]
[Date "2012.04.19"]
[Round "2.2"]
[White "Jocev,M"]
[Black "Sarenac,D"]
[Result "1/2-1/2"]
[WhiteElo "2087"]
[BlackElo "2290"]

1.e4 c5 2.Nf3 d6 3.Bb5+ Nd7 4.c3 Nf6 5.d3 a6 6.Ba4 b5 7.Bc2 Bb7 8.O-O e6
9.Re1 Qc7 10.a4 Be7 11.axb5 axb5 12.Rxa8+ Bxa8 13.d4 O-O 14.Qe2 cxd4 15.Nxd4 b4
16.cxb4 Qb6 17.Nb3 Qxb4 18.Nc3 Rc8 19.f3 Ne5 20.f4 Ng6 21.f5 Ne5 22.fxe6 fxe6
23.Bf4 Bd8 24.h3 Bb7 25.Kh1 Ra8 26.Qb5 Qxb5 27.Nxb5 Be7 28.N3d4 Ra2 29.Bb3 Rxb2
30.Bxe6+ Kh8 31.Bc1 Rb1 32.Na3 Rb4 33.Nac2 Rb1 34.Na3 Rb6 35.Bg5 Nd3 36.Rb1 Rxb1+
37.Nxb1 Nf2+ 38.Kh2 N2xe4 39.Bf4 g6 40.Na3 Nh5 41.Be3 Bf6 42.Nf3 Ng7 43.Bd7 Nc5
44.Bxc5 dxc5 45.Nd2 Be5+ 46.Kg1 Bd4+ 47.Kh2 Nh5 48.Nac4 Kg7 49.Bg4 Nf4 50.Bf3 Ba6
51.h4 Nd3 52.g4 Bf2 53.h5 gxh5 54.gxh5 Nf4 55.Nd6 Bd3 56.Be4 Be2 57.Bf3 Bxf3
58.Nxf3 Nxh5 59.Kg2 Bd4 60.Nf5+ Kf6 61.N5xd4 cxd4 62.Nxd4 Kg5 63.Nf3+ Kg4
64.Ne5+ Kf5 65.Nf3 Kf4 66.Nd4 Nf6 67.Ne2+ Kg4 68.Ng3 Nd5 69.Ne4 h5 70.Nf2+ Kf4
71.Kh3 Kf3 72.Kh4 Nf6 73.Nd3 Ke4 74.Nc5+ Kf5 75.Nd7 Nxd7 76.Kxh5  1/2-1/2

[Event "4th Alexander the Great Open"]
[Site "Neos Marmaras GRE"]
[Date "2012.04.19"]
[Round "5"]
[White "Tassopoulos,M"]
[Black "Sanders,I"]
[Result "1/2-1/2"]
[WhiteElo "2222"]
[BlackElo "2097"]

1.e4 c5 2.Nf3 d6 3.Bb5+ Nd7 4.O-O Nf6 5.e5 dxe5 6.Nxe5 a6 7.Nxd7 Bxd7 8.Bxd7+ Qxd7
9.d3 e6 10.Qf3 Qd5 11.Qxd5 Nxd5 12.Bd2 Be7 13.Nc3 O-O-O 14.Nxd5 exd5 15.Bc3 f6
16.Rfe1 Kd7 17.Re2 Bd6 18.Rae1 Rde8 19.Rxe8 Rxe8 20.Rxe8 Kxe8 21.b3 Kd7 22.Kf1 Ke6
23.h3 b5 24.Ke2 g6 25.Kf3 h5 26.g3 Kf5 27.Bd2 g5 28.g4+ Kg6 29.Ke2 hxg4 30.hxg4 Kf7  1/2-1/2

[Event "Belgrade Cup Final 2012"]
[Site "Belgrade SRB"]
[Date "2012.04.20"]
[Round "3.2"]
[White "Biocanin,Gora"]
[Black "Sarenac,D"]
[Result "0-1"]
[WhiteElo "2299"]
[BlackElo "2290"]

1.e4 c5 2.Nf3 d6 3.Bb5+ Nd7 4.O-O Nf6 5.Re1 a6 6.Bf1 e5 7.c3 Be7 8.d4 Qc7
9.dxe5 dxe5 10.c4 O-O 11.Nc3 h6 12.h3 Re8 13.Qc2 Nf8 14.Nd5 Nxd5 15.cxd5 Bd7
16.Be3 Rec8 17.g3 Bd6 18.Nh4 b5 19.Bg2 c4 20.Rf1 Rab8 21.f4 b4 22.Rf2 b3
23.axb3 Rxb3 24.fxe5 Bxe5 25.Bf4 Rxg3 26.Bxg3 Bxg3 27.Nf5 Bxf2+ 28.Qxf2 Bxf5
29.Qxf5 g6 30.d6 Qb6+ 31.Qf2 Qxd6 32.e5 Qxe5 33.Kh1 a5 34.Re1 Qc5 35.Qd2 c3
36.bxc3 Qxc3 37.Qf2 Rc7 38.Bd5 Qxh3+  0-1

[Event "Grand Congress Open"]
[Site "Bournemouth ENG"]
[Date "2012.04.20"]
[Round "1.20"]
[White "Onley,E J David"]
[Black "Brookfield,T"]
[Result "1-0"]
[WhiteElo "2099"]
[BlackElo "1830"]

1.e4 c5 2.Nf3 d6 3.Bb5+ Nc6 4.c3 Bd7 5.O-O a6 6.Ba4 b5 7.Bc2 e5 8.h3 Nf6
9.d4 cxd4 10.cxd4 exd4 11.Nxd4 Be7 12.Nc3 Rc8 13.Nde2 O-O 14.Be3 Re8 15.Nf4 Ne5
16.Ncd5 Bc6 17.Bb6 Qd7 18.Bd4 Bxd5 19.exd5 Bf8 20.a4 Qc7 21.Bf5 Rb8 22.axb5 Rxb5
23.Rxa6 Qc4 24.Bxe5 Rxe5 25.Bd3 Qxf4 26.Bxb5 Rxd5 27.Qa4 Rd4 28.Qa5 Ne4 29.Ra8 g6
30.Qd8 Qh6 31.Bd7 Nd2 32.Re1  1-0

[Event "TCh-CZE Extraliga 2011-12"]
[Site "Czech Republic CZE"]
[Date "2012.04.20"]
[Round "9.5"]
[White "Jansa,Vl"]
[Black "Kukel,I jr"]
[Result "1-0"]
[WhiteElo "2478"]
[BlackElo "2305"]

1.e4 c5 2.Nf3 d6 3.Bb5+ Bd7 4.Bxd7+ Qxd7 5.O-O Nc6 6.c3 Nf6 7.Qe2 e6 8.d4 cxd4
9.cxd4 d5 10.e5 Ne4 11.Be3 f6 12.exf6 gxf6 13.Nbd2 Bd6 14.Nxe4 dxe4 15.Nd2 f5
16.f3 Qc7 17.fxe4 Bxh2+ 18.Kh1 O-O-O 19.exf5 exf5 20.Rxf5 Rhe8 21.Rc1 Kb8
22.Nf3 Bg3 23.Qd2 Re4 24.d5 Qc8 25.Rg5 Bc7 26.Qf2 Rde8 27.Rc3 Ba5 28.dxc6 Bxc3
29.Bxa7+ Ka8 30.bxc3 Qxc6 31.Bd4 Qa4 32.Re5 R8xe5 33.Bxe5 Qa3 34.Qd2 Qf8
35.Qd6 Qe8 36.Qc5 Ra4 37.a3 Ra6 38.Kg1 Rc6 39.Qd4 Ra6 40.Bd6 Qd8 41.Bc5 Qc8
42.Ne5 Qe8 43.Nf7 b6 44.Qd5+ Ka7 45.Bf2 Qg8 46.Qd7+ Ka8 47.Qc6+ Ka7 48.Nd6 Qg7
49.Nb5+ Kb8 50.Bxb6 Rxb6  1-0

[Event "TCh-AUT 1st Bundesliga 2012"]
[Site "Jenbach AUT"]
[Date "2012.04.20"]
[Round "9.6"]
[White "Maurer,Joc"]
[Black "Durakovic,A"]
[Result "0-1"]
[WhiteElo "2272"]
[BlackElo "2201"]

1.e4 c5 2.Nf3 d6 3.Bb5+ Nc6 4.O-O Bd7 5.c3 Nf6 6.Re1 a6 7.Ba4 b5 8.Bc2 Bg4
9.d3 e6 10.Nbd2 Be7 11.h3 Bh5 12.Nf1 O-O 13.Ng3 Bg6 14.Nh4 d5 15.Nxg6 hxg6
16.e5 Nd7 17.d4 b4 18.Qg4 Rc8 19.Ne2 cxd4 20.Nxd4 Ndxe5 21.Nxc6 Nxc6 22.Rxe6 Bf6
23.Re3 bxc3 24.bxc3 d4 25.Rg3 Ne5 26.Qd1 dxc3 27.Ba3 Re8 28.Rb1 Nc4 29.Bb4 Nd2
30.Rc1 Qb6 31.Qg4 Rc4 32.Qe2 Rxe2  0-1

[Event "TCh-CAT 2012"]
[Site "Catalunya ESP"]
[Date "2012.04.21"]
[Round "11.10"]
[White "Ramirez Carrizo,V"]
[Black "Triquell Sanchez,J"]
[Result "1-0"]
[WhiteElo "2099"]
[BlackElo "1959"]

1.e4 c5 2.Nf3 d6 3.Bb5+ Bd7 4.Bxd7+ Nxd7 5.O-O g6 6.c3 Bg7 7.d4 cxd4 8.cxd4 e6
9.Bf4 Nb6 10.a4 Qd7 11.Nc3 a6 12.Rc1 Ne7 13.Qb3 Nbc8 14.Rc2 O-O 15.Rfc1 Bxd4
16.Nxd4 e5 17.Be3 exd4 18.Bxd4 Nc6 19.Bf6 N8e7 20.Nd5 Nxd5 21.exd5 Ne7 22.h4 Rfc8
23.Rxc8+ Rxc8 24.Rxc8+ Nxc8 25.Qe3  1-0

[Event "14th Dubai Open 2012"]
[Site "Dubai UAE"]
[Date "2012.04.21"]
[Round "6.2"]
[White "Kuzubov,Y"]
[Black "Jobava,Ba"]
[Result "1/2-1/2"]
[WhiteElo "2615"]
[BlackElo "2706"]

1.e4 c5 2.Nf3 d6 3.Bb5+ Bd7 4.Bxd7+ Qxd7 5.O-O Nf6 6.Re1 e6 7.c3 Nc6 8.d4 cxd4
9.cxd4 d5 10.e5 Ne4 11.Nbd2 Nxd2 12.Bxd2 Be7 13.Rc1 O-O 14.Rc3 Rac8 15.Qe2 Rc7
16.Rec1 Rfc8 17.Qd3 h6 18.h3 Nb4 19.Rxc7 Rxc7 20.Rxc7 Qxc7 21.Bxb4 Bxb4 22.Qb5 Qc1+
23.Kh2 Qf4+ 24.Kg1 Qc1+ 25.Kh2 Qf4+ 26.Kg1 Qc1+  1/2-1/2

[Event "TCh-CZE Extraliga 2011-12"]
[Site "Czech Republic CZE"]
[Date "2012.04.22"]
[Round "11.8"]
[White "Vlasak,Lu"]
[Black "Cernousek,L"]
[Result "0-1"]
[WhiteElo "2319"]
[BlackElo "2438"]

1.e4 c5 2.Nf3 d6 3.Bb5+ Nd7 4.d4 cxd4 5.Qxd4 a6 6.Bxd7+ Bxd7 7.Nc3 Rc8 8.Bg5 h6
9.Bh4 e5 10.Qd3 g5 11.Bg3 Nf6 12.O-O-O Qc7 13.Kb1 b5 14.a3 Be7 15.Nd2 Qb7
16.h4 Rg8 17.hxg5 hxg5 18.Rh6 Ng4 19.Rh7 Nf6 20.Rh6 a5 21.Nb3 a4 22.Nc1 Be6
23.Rxf6 Bxf6 24.Nxb5 Be7 25.Nxd6+ Bxd6 26.Qxd6 Qxe4 27.Nd3 Qd5 28.Qxd5 Bxd5
29.Nxe5 Bxg2 30.Re1 Kf8 31.b4 Kg7 32.Kb2 Rge8 33.Rd1 Re7 34.Rd2 Be4 35.Nd3 Bxd3
36.Rxd3 Rc4 37.Rc3 Ree4 38.Bd6 Kf6 39.Bc5 Ke5 40.Ba7 f5 41.b5 Kd6 42.Bb6 g4
43.Rd3+ Ke6 44.Ba5 Re5  0-1

[Event "TCh-HUN 2011-12"]
[Site "Mako HUN"]
[Date "2012.04.22"]
[Round "9"]
[White "Estrada Nieto,J"]
[Black "Szalai,K"]
[Result "1/2-1/2"]
[WhiteElo "2285"]
[BlackElo "2390"]

1.e4 c5 2.Nf3 d6 3.Bb5+ Bd7 4.Bxd7+ Qxd7 5.O-O Nc6 6.Qe2 g6 7.Rd1 Bg7 8.c3 Nf6
9.d4 cxd4 10.cxd4 d5 11.e5 Ng8 12.Nc3 Nh6 13.Bf4 e6 14.Rac1 O-O 15.h3 Nf5
16.Nb5 a6 17.Nc3 Rfc8 18.g4 Nfe7 19.Na4 Qc7 20.Qd2 Qd8 21.Bh6 Rc7 22.Qf4 Bxh6
23.Qxh6 Qf8 24.Qf4 h6 25.h4 Rac8 26.Nb6 Rb8 27.Kg2 Nc8 28.Na4 N8e7 29.a3 Rbc8
30.Nb6 Rd8 31.b4 Nc8 32.Na4 b6 33.Rc3 N8a7 34.Nxb6 Rb7 35.Na4 a5 36.Nc5 Rb5
37.bxa5 Nxa5 38.Rh1 N7c6 39.Nd2 Nxd4 40.Qxd4 Nc6 41.Nxe6 Nxd4 42.Nxf8 Kxf8
43.Rb1 Rxb1 44.Nxb1 Rb8 45.Nd2 Ra8 46.Rd3 Ra4 47.f3 Ke7 48.Re3 Nc2 49.Rc3 Nxa3
50.Nb3 Nc4 51.f4 g5 52.Nc5 Ra2+ 53.Kg3 gxf4+ 54.Kxf4 Rf2+ 55.Kg3 Re2 56.Kf3 Rxe5
57.Kf4 f6 58.Rb3 Kd6 59.Nb7+ Kc7 60.Nc5 Kc6 61.Nd3 Re4+ 62.Kf5 Ne3+ 63.Kxf6 Nxg4+
64.Kg6 Rd4 65.Kh5 Kd6 66.Rb6+ Ke7 67.Nb4 Nf6+ 68.Kxh6 Rxh4+ 69.Kg5 Re4 70.Rb7+ Nd7
71.Nxd5+ Kd6 72.Rxd7+ Kxd7 73.Nf6+ Ke6 74.Nxe4  1/2-1/2

[Event "TCh-NED Meesterklasse 2011-12"]
[Site "Netherlands NED"]
[Date "2012.04.22"]
[Round "9.2"]
[White "Van Haastert,E"]
[Black "Van Delft,M"]
[Result "1/2-1/2"]
[WhiteElo "2430"]
[BlackElo "2413"]

1.e4 c5 2.Nf3 d6 3.Bb5+ Nd7 4.O-O a6 5.Bxd7+ Bxd7 6.d4 cxd4 7.Qxd4 e6 8.Bg5 Qc7
9.Nc3 Rc8 10.Rad1 h6 11.Bf4 e5 12.Nxe5 dxe5 13.Bxe5 Qc6 14.Bxg7 Bxg7 15.Qxg7 Qf6
16.Qg3 Ne7 17.Rd6 Qg5 18.Qd3 Be6 19.Re1 Ng6 20.Nd5 Ne5 21.Qe2 Rxc2 22.Nf6+ Ke7
23.Qxc2 Nf3+ 24.Kf1 Nxe1 25.Nd5+ Bxd5 26.Qc7+ Kf8 27.Rd8+ Kg7 28.Qc3+ f6
29.exd5 Rxd8 30.Qc7+ Kg6 31.Qxd8 Qxg2+ 32.Kxe1 Qe4+ 33.Kf1 Qh1+ 34.Ke2 Qe4+  1/2-1/2

[Event "Russian Junior Girls 2012"]
[Site "Sochi RUS"]
[Date "2012.04.24"]
[Round "7"]
[White "Belenkaya,D"]
[Black "Bodnaruk,A"]
[Result "0-1"]
[WhiteElo "2229"]
[BlackElo "2412"]

1.e4 c5 2.Nf3 d6 3.Bb5+ Bd7 4.Bxd7+ Qxd7 5.O-O Nf6 6.Qe2 Nc6 7.Rd1 e5 8.c3 Qg4
9.d3 Be7 10.Nbd2 O-O 11.Nf1 Qe6 12.Bg5 h6 13.Bxf6 Bxf6 14.Ne3 Ne7 15.Re1 g6
16.c4 Bg7 17.g4 Nc6 18.Kh1 Bf6 19.Rg1 Bg5 20.Nd5 Rac8 21.a3 a5 22.Rab1 Bf4
23.b4 axb4 24.axb4 cxb4 25.Nxb4 Nxb4 26.Rxb4 Rc7 27.Ne1 Kh7 28.Qb2 Qd7 29.Rb6 f5
30.Qb4 fxg4 31.Rxd6 Qe7 32.Qb6 Rc6 33.Rxc6 bxc6 34.Ng2 c5 35.Ra1 Rf6 36.Qb8 Rf8
37.Qb6 Rf7 38.Ra6 Rg7 39.Qb5 Qd7 40.Qb3 Qd4 41.Qc2 h5 42.Ra2 Rb7 43.Qd1 Rd7
44.Ne3 Bxe3 45.fxe3 Qxe3 46.Rd2 h4 47.Rg2 Qxe4 48.Qxg4 Qxg4 49.Rxg4 Rxd3
50.Rxh4+ Kg7 51.Re4 Kf6 52.Re2 Rc3 53.Rf2+ Ke6 54.Kg2 Rxc4 55.Kf3 Rf4+ 56.Ke3 Rxf2
57.Kxf2  0-1

[Event "3rd LUC Open"]
[Site "Lille FRA"]
[Date "2012.04.25"]
[Round "4.27"]
[White "Lebon,J"]
[Black "Aryan,C"]
[Result "1-0"]
[WhiteElo "1994"]
[BlackElo "1869"]

1.e4 c5 2.Nf3 d6 3.Bb5+ Bd7 4.Bxd7+ Qxd7 5.O-O Nc6 6.c3 Nf6 7.d4 cxd4 8.cxd4 e5
9.Nc3 exd4 10.Nxd4 Nxd4 11.Qxd4 Be7 12.Rd1 Qc6 13.Bf4 O-O 14.Rac1 Qa6 15.a4 Rfd8
16.Nb5 Rac8 17.b3 b6 18.Rxc8 Rxc8 19.Bxd6 Bxd6 20.Qxd6 Qb7 21.f3 h6 22.e5 Ne8
23.Qd7 Qxd7 24.Rxd7 a6 25.Nd4 Rc7 26.Rd8 Re7 27.f4 g6 28.Rb8 Kg7 29.Rxb6 Nc7
30.Rd6 Re8 31.Kf2  1-0

[Event "TCh-ITA 2012"]
[Site "Arvier ITA"]
[Date "2012.04.27"]
[Round "1"]
[White "Collutiis,D"]
[Black "Ramondino,R"]
[Result "1-0"]
[WhiteElo "2493"]
[BlackElo "2251"]

1.e4 c5 2.Nf3 d6 3.Bb5+ Bd7 4.Bxd7+ Qxd7 5.O-O Nf6 6.Qe2 g6 7.c3 Bg7 8.d4 cxd4
9.cxd4 Nc6 10.Nc3 O-O 11.Rd1 d5 12.Ne5 Qe6 13.exd5 Nxd5 14.Nxd5 Qxd5 15.Nxc6 bxc6
16.Be3 a5 17.b3 Rfb8 18.Rac1 a4 19.Bf4 Rb5 20.bxa4 Rxa4 21.Qxe7 Ra8 22.Be3 h5
23.Qc7 Rxa2 24.Rxc6 Ra4 25.Rd6 Qb3 26.Rc1 Rd5 27.Qd8+  1-0

[Event "Capablanca Prestige A"]
[Site "Pretoria RSA"]
[Date "2012.04.27"]
[Round "2"]
[White "Van der Nat,N"]
[Black "Van den Heever,D"]
[Result "1-0"]
[WhiteElo "2337"]
[BlackElo "2287"]

1.e4 c5 2.Nf3 d6 3.Bb5+ Bd7 4.Bxd7+ Qxd7 5.O-O Nf6 6.Qe2 e6 7.Rd1 Be7 8.d4 cxd4
9.Nxd4 O-O 10.c4 Nc6 11.Nc3 Rac8 12.b3 a6 13.Bb2 Qc7 14.Rd3 Nxd4 15.Rxd4 Qa5
16.a4 Rc6 17.Rd3 Rfc8 18.Nb5 Rd8 19.Bc3 Qb6 20.Bd4 Qa5 21.Bc3 Qb6 22.a5 Qc5
23.Bd4 Qg5 24.Nc3 Qh5 25.Qd2 Ne8 26.Rh3 Qg5 27.f4 Qg4 28.Rf1 h5 29.Rg3 Qh4
30.f5 Bf6 31.Bxf6 Nxf6 32.fxe6 fxe6 33.Rf4 Ng4 34.Rh3 Qe7 35.Rxh5 Rc5 36.Rh3 Ne5
37.Ne2 Rf8 38.Rxf8+ Qxf8 39.Rg3 Rc7 40.Qh6 Qf7 41.Nf4 Re7 42.Nh5 g6 43.Nf4 Qh7
44.Qg5 Kf7 45.c5 Rc7 46.b4 Qg7 47.h4 dxc5 48.h5 cxb4 49.hxg6+ Ke8 50.Nxe6 Qe7
51.Nxc7+ Qxc7 52.g7  1-0

[Event "ch-LTU 2012"]
[Site "Vilnius LTU"]
[Date "2012.04.27"]
[Round "7"]
[White "Kalvaitis,S"]
[Black "Vedrickas,T"]
[Result "1/2-1/2"]
[WhiteElo "2258"]
[BlackElo "2318"]

1.e4 c5 2.Nf3 d6 3.Bb5+ Nc6 4.O-O Bg4 5.h3 Bh5 6.Re1 a6 7.Bf1 e6 8.d3 Be7
9.Nc3 Nf6 10.Bf4 Nd7 11.g4 Bg6 12.Bg3 h5 13.d4 hxg4 14.hxg4 cxd4 15.Nxd4 Nxd4
16.Qxd4 Ne5 17.Bg2 Bh4 18.Bxe5 dxe5 19.Qxe5 Qb6 20.Re3 Qxb2 21.Rb1 Qxc2 22.Re2 Bf6
23.Qxe6+ fxe6 24.Rxc2 O-O 25.Ne2 Rac8 26.Rxc8 Rxc8 27.Nf4 Bf7 28.Rxb7 Rc2
29.Rb8+ Kh7 30.Rf8 e5  1/2-1/2